00726nam a2200181 i 450000100060000000300090000600500170001500700030003200800410003511100650007624500580014126000590019930000300025849000820028865100680037083000820043885200240052082918ES-MaACL20230906174743.0t|190405s1962 sp ||||1| spa d2 aConsejo Económico de Tierra de Campos (d1962. cPalencia)10aClausura del Consejo Económico de Tierra de Campos. aMadrid : b[s.n.], c1962 (fLa Hispanense Industrial) a21 p.,1 lám. ; c29 cm.1 aConsejo Económico Nacional. Gabinete Técnico Programación Regional ;v1 4aTierra de Campos (España, Comarca)-xSituación económica.0 aConsejo Económico Nacional. Gabinete Técnico Programación Regional ;v1 aES-MaACLj2339-F-35